000 02061nam0a2200445 i 4500
001 RU\NLR\BIBL_A\010301314
005 20241101004741.0
010 _a9785369013175
_bРИОР
010 _a978-5-16-009458-8
_bИНФРА-М
010 _a978-5-16-100586-6
_bИНФРА-М
_9500
021 _aRU
_b2014-3950
_9241
035 _a(NILC)RuMoRGB-006738652
035 _a(NLR Aleph) 010301314
090 _a10595003
_c10595003
100 _a20140402d2013 k y0rusy50 ca
101 0 _arus
_deng
_eeng
_erus
102 _aRU
105 _ay|||7|||001yy
200 1 _aСудебно-медицинская процессуалистика
_dForensic medicine and legal proceedings
_eмонография
_fД.С. Кадочников, В.А. Ракитин
_zeng
210 _aМосква
_cРИОР
_cИНФРА-М
_d2013
_d(макет 2014)
215 _a290, [1] с.
_d21
225 1 _aНаучная мысль
300 _aАвт. также на англ. яз.: D.S. Kadochnikov, V.A. Rakitin
300 _aНа 4-й с. обл. 1-й авт.: Кадочников Д.С., д.м.н., юрист
300 _aРез. на англ. яз.
320 _aБиблиогр. в конце гл.
510 1 _6z92790
_aForensic medicine and legal proceedings
_zeng
606 1 _aСудебно-медицинская экспертиза
_xОрганизация
_92208462
_3RU\NLR\AUTH\6601560948
686 1 _aХ629.341.311
686 1 _aР811
700 1 _aКадочников
_bД. С.
_gДмитрий Сергеевич
_9139385
_3RU\NLR\AUTH\770139420
701 1 _aРакитин
_bВ. А.
_gВалерий Алексеевич
_9139400
_3RU\NLR\AUTH\770139435
790 1 _7ba
_8rus
_aKadočnikov
_bD. S.
_gDmitrij Sergeevič
_9139392
_3RU\NLR\AUTH\770139427
790 1 _7ba
_8rus
_aRakitin
_bV. A.
_gValerij Alekseevič
_9139409
_3RU\NLR\AUTH\770139444
801 0 _aRU
_bРГБ
_c20140213
_gRCR
801 1 _aRU
_bРГБ
_c20140213
_2rusmarc
942 _cBOOK
980 _aNBR